000
00236nam a2200121Ia 4500
100
_a
Mehta/N.V.
650
_a
General
942
_c
BK
366
_f
20
245
_a
Income-Tax Ready Reckoner.
260
_b
KUBER PUBL.
300
_a
376
999
_c
23887
_d
23887